Najpopularniejsi raperzy w tym tygodniu . 04-10.12 - Statystyki

Ogólne statystyki
  • Ten quiz został rozwiązany 25 razy
    23 od ostatniego zresetowania
  • Średni wynik to 8 z 15
Statystyki odpowiedzi
Wyświetlenia Raper % Poprawnych
3.75M Bedoes
90%
2.58M Mata
76%
4.47M Szpaku
71%
3.94M Kizo
67%
4.38M Paluch
62%
10.10M Guzior
57%
3.55M Sobel
57%
2.60M Żabson
57%
2.45M Quebonafide
52%
4.13M Kabe
43%
4.00M Tymek
38%
3.23M Kali
33%
3.09M Słoń
29%
3.07M Kubańczyk
19%
3.07M Major SPZ
14%
Nie znaleziono quizów pasujących do podanych kryteriów
Rozkład punktacji
Procent ludzi z każdym wynikiem
Percentyl według liczby udzielonych odpowiedzi
Twoja historia wyników
Nie rozwiązałeś tego quizu od ostatniego zresetowania